Southville International School and Colleges
Your cart is empty.
  • Cart
  • Lists
    Public lists Eva Luna New books Lux_list list_1
    Your lists Log in to create your own lists
  • Log in to your account
  • Your cookies
  • Search history
Southville International School and Colleges
  • Advanced search
  • Recent comments
  • Most popular
  • Libraries

Log in to your account

Log in with GOOGLE


If you do not have an external account, but do have a local account, you can still log in:

  1. Home
  2. MARC view: Brilliant teams :
Normal view MARC view ISBD view

Brilliant teams : (Record no. 339548)

[ view plain ]
MARC details
000 -LEADER
fixed length control field 00610nam a2200229Ia 4500
008 - FIXED-LENGTH DATA ELEMENTS--GENERAL INFORMATION
fixed length control field 170711s9999 xx 000 0 und d
020 ## - INTERNATIONAL STANDARD BOOK NUMBER
International Standard Book Number 9780273719144
050 ## - LIBRARY OF CONGRESS CALL NUMBER
Classification number 658.4
050 ## - LIBRARY OF CONGRESS CALL NUMBER
Item number M647 2008
100 ## - MAIN ENTRY--PERSONAL NAME
Personal name Miller, Douglas
245 ## - TITLE STATEMENT
Title Brilliant teams :
245 ## - TITLE STATEMENT
Remainder of title what to know, do and say to make a brilliant team /
245 ## - TITLE STATEMENT
Statement of responsibility, etc by Douglas Miller.
260 ## - PUBLICATION, DISTRIBUTION, ETC. (IMPRINT)
Place of publication, distribution, etc Great Britain :
260 ## - PUBLICATION, DISTRIBUTION, ETC. (IMPRINT)
Date of publication, distribution, etc 2008
300 ## - PHYSICAL DESCRIPTION
Extent xiv, 191 pages :
300 ## - PHYSICAL DESCRIPTION
Other physical details illustrations ;
300 ## - PHYSICAL DESCRIPTION
Dimensions 21cm.
500 ## - GENERAL NOTE
General note Includes bibliographic reference.
650 ## - SUBJECT ADDED ENTRY--TOPICAL TERM
Topical term or geographic name as entry element Teams in the workplace.
700 ## - ADDED ENTRY--PERSONAL NAME
Personal name Title.

No items available.

Brilliant teams :

APA

Miller D., Title, .Brilliant teams. Great Britain: .

Chicago

Miller Douglas, Title, .Brilliant teams. Great Britain: .

Harvard

Miller D., Title, .Brilliant teams. Great Britain: .

MLA

Miller Douglas, Title, .Great Britain: . .

  • Print
  • Cite
  • Add to your cart (remove)
  • Save record
    BIBTEX Dublin Core MARCXML MARC (non-Unicode/MARC-8) MARC (Unicode/UTF-8) MARC (Unicode/UTF-8, Standard) MODS (XML) RIS
  • More searches
    Search for this title in:
    Other Libraries (WorldCat) Other Databases (Google Scholar) Online Stores (Bookfinder.com) Open Library (openlibrary.org)

Exporting to Dublin Core...

SOUTHVILLE LIBRARY

Southville International School and Colleges Library

1281 Tropical Ave. Cor. Luxembourg St., BF Homes International, Las Pinas City

Tel. No. 8256374 / 252358 Loc. 117/146

Powered by Koha